000 00307nam a22001217a 4500
999 _c155329
_d155329
082 _a
_b
100 _aGeetha P
245 _aTheyathile saamoohyavalkaranavum samayeekaranavum/
_cby Geetha P.
260 _aKannur:
_bKerala Folklore Academy,
_c2015.
300 _a141p.
650 _aFolklore
942 _cBK